000 00446nam a2200145 a 4500
001 000030845
005 20200930062539.0
008 110531s1935 dr 000 0 spa d
040 _aDO-SdBNP
_bspa
_cBNPHU
100 1 _aRodríguez Lora, Antonio
_957386
245 1 0 _aOro de ley :
_bpoemas en prosa /
_cAntonio Rodríguez Lora.
260 _aSantiago, República Dominicana :
_bImp. de la Cruz,
_c1935.
300 _a76 p. ;
_c22 cm.
049 _aBNPD
999 _c30337
_d30337